|
|
|
|
| LEADER |
01174nam a22002537a 4500 |
| 001 |
AAL8179 |
| 003 |
BD-DhAAL |
| 005 |
20160510110506.0 |
| 008 |
160510s 2013bg ||||| |||| 00| 0 ben d |
| 020 |
|
|
|a 9789845041720
|
| 040 |
|
|
|a BD-DhAAL
|c BD-DhAAL
|
| 082 |
|
|
|a 891.443
|
| 100 |
|
|
|a হাসান, রাজিউল
|9 19510
|
| 245 |
|
|
|a তিনি এবং আমরা /
|c রাজিউল হাসান
|
| 260 |
|
|
|a ঢাকা :
|b মূর্ধণ্য,
|c ২০১৩
|
| 300 |
|
|
|a ১১২ পৃ. ;
|c ২২ সে.মি.
|
| 541 |
|
|
|e 8179
|
| 650 |
|
|
|a Bengali fiction
|9 19511
|
| 852 |
|
|
|a Savar Campus Library
|c General Shelf
|
| 942 |
|
|
|2 ddc
|c BK
|
| 999 |
|
|
|c 37548
|d 37548
|
| 952 |
|
|
|0 0
|1 0
|2 ddc
|4 0
|6 891_443000000000000_HAS
|7 0
|9 58961
|a SCL
|b SCL
|c GEN
|d 2016-05-10
|g 175.00
|l 0
|o 891.443 HAS
|p 3020008179
|r 2016-05-10
|t 1
|w 2016-05-10
|y BK
|
| 952 |
|
|
|0 0
|1 0
|2 ddc
|4 0
|6 891_443000000000000_HAS
|7 0
|9 58962
|a SCL
|b SCL
|c GEN
|d 2016-05-10
|g 175.00
|l 0
|o 891.443 HAS
|p 3020008180
|r 2016-05-10
|t 2
|w 2016-05-10
|y BK
|
| 952 |
|
|
|0 0
|1 0
|2 ddc
|4 0
|6 891_443000000000000_HAS
|7 0
|9 58963
|a SCL
|b SCL
|c GEN
|d 2016-05-10
|g 175.00
|l 1
|m 1
|o 891.443 HAS
|p 3020008181
|r 2018-12-05
|s 2018-11-28
|t 3
|w 2016-05-10
|y BK
|